00521nam a2200217Ia 4500008004100000020001800041050001400059100002300073245001900096245002600115260001900141260001600160260000900176300001600185300002000201300001000221650002800231650002000259650001300279700001100292181129s9999 xx 000 0 und d a9780439916332 bM996 2010 aMyers, Walter Dean 4aThe cruisers / 0cby Walter Dean Myers. aNew York, NY : bScholastic, c2010 a126 pages : billustrations ; c19cm. aHarlem (New York, N.Y.) aRace relations. aSchools. aTitle.